Online katalóg knižníc regiónu Turca

Terezín / (Record no. 20125)

MARC details
000 -LEADER
fixed length control field 01216nam a22003011 4500
001 - CONTROL NUMBER
control field 20125
003 - CONTROL NUMBER IDENTIFIER
control field CZ PrNK
005 - DATE AND TIME OF LATEST TRANSACTION
control field 20260116145318.0
008 - FIXED-LENGTH DATA ELEMENTS--GENERAL INFORMATION
fixed length control field 980623s1960 xr ||| | cze
015 ## - NATIONAL BIBLIOGRAPHY NUMBER
National bibliography number cnb000481394
020 ## - INTERNATIONAL STANDARD BOOK NUMBER
Qualifying information (Váz.) :
Terms of availability Kčs 17,80
035 ## - SYSTEM CONTROL NUMBER
System control number (OCoLC)625713
040 ## - CATALOGING SOURCE
Original cataloging agency ABA001
Language of cataloging cze
Transcribing agency HKA001
Modifying agency ABA001
080 ## - UNIVERSAL DECIMAL CLASSIFICATION NUMBER
Universal Decimal Classification number 343.819.5(437.1Terezín)(084.1)
Edition identifier undef
100 1# - MAIN ENTRY--PERSONAL NAME
Personal name Tyl, Otakar
Relationship aut
245 10 - TITLE STATEMENT
Title Terezín /
Statement of responsibility, etc. [autoři:] Otakar Tyl, Táňa Kulišová ; úvod: Jan Vodička ; Stanislav Neumann: Mrtví, [báseň, doslov] ; na cizojazyčných textech spoluprac. [kol.]
250 ## - EDITION STATEMENT
Edition statement 2. vyd.
260 ## - PUBLICATION, DISTRIBUTION, ETC.
Place of publication, distribution, etc. Praha :
Name of publisher, distributor, etc. Naše vojsko,
Date of publication, distribution, etc. 1960
Manufacturer (Polygrafia)
300 ## - PHYSICAL DESCRIPTION
Extent 127, [4] s. :
Other physical details [36] s. fot. příl. ;
Dimensions
490 1# - SERIES STATEMENT
Series statement Dokumenty. Edice Svazu protifašistických bojovníků ;
Volume/sequential designation Sv. 85
500 ## - GENERAL NOTE
General note Souběž. rus., franc., angl. a něm. souhrn a vysvětl. k fot. příl.
500 ## - GENERAL NOTE
General note 10000 výt.
700 1# - ADDED ENTRY--PERSONAL NAME
Personal name Kulišová, Táňa
Relationship aut
830 #0 - SERIES ADDED ENTRY--UNIFORM TITLE
Uniform title Dokumenty, edice Svazu protifašistických bojovníků
856 41 - ELECTRONIC LOCATION AND ACCESS
Uniform Resource Identifier <a href="http://krameriusndk.nkp.cz/search/handle/uuid:b84a1e30-4f70-11ed-ad9c-5ef3fc9bb22f">http://krameriusndk.nkp.cz/search/handle/uuid:b84a1e30-4f70-11ed-ad9c-5ef3fc9bb22f</a>
Link text Digitalizovaný dokument
910 ## - USER-OPTION DATA (OCLC)
User-option data ABA001
942 ## - ADDED ENTRY ELEMENTS (KOHA)
Source of classification or shelving scheme Dewey Decimal Classification
Koha item type Odborná literatúra pre dospelých
Suppress in OPAC No
Holdings
Stav vyradenia Strata Poškodenie Spôsob nadobudnutia Domovská knižnica Aktuálna knižnica Dátum nadobudnutia Total checkouts Čiarový kód exemplára Date last seen Typ exemplára
      Dar Obecná knižnica Horná Štubňa Obecná knižnica Horná Štubňa 16.01.2026   4736200118 16.01.2026 Odborná literatúra pre dospelých
Projekt je podporený Slovenskou asociáciou knižníc
Prevádzkuje Turčianska knižnica Martin 2026